Statistics for African Countries with Large Cities

Click here to take the quiz!

General Stats

  • This quiz has been taken 1,079 times
  • The average score is 14 of 15

Answer Stats

# City Country % Correct
2Cairo, AlexandriaEgypt
100%
3Johannesburg, Cape Town, DurbanSouth Africa
99%
3Lagos, Kano, IbadanNigeria
99%
1KinshasaDR Congo
97%
1AlgiersAlgeria
96%
1Addis AbabaEthiopia
95%
1NairobiKenya
95%
1CasablancaMorocco
95%
1KhartoumSudan
93%
1Dar es SalaamTanzania
92%
1LuandaAngola
89%
1AccraGhana
88%
1KampalaUganda
84%
1DakarSenegal
81%
1AbidjanCôte d'Ivoire
78%

Score Distribution

Percentile by Number Answered

Percent of People with Each Score

Your Score History

You have not taken this quiz